| 000 | 00479cam a2200181ua 4500 | ||
|---|---|---|---|
| 020 | _c76.00 | ||
| 041 |
_aeng _h |
||
| 082 |
_a530.1 _bLIN/CO |
||
| 100 | _aLindsay, Robert Brace . | ||
| 245 |
_aConcepts and methods of theoritical Physics / _cRobert Brace Lindsay. _hTextual Documents |
||
| 250 |
_a1 / _b. |
||
| 260 |
_aNewyork : _bD.Van nostrant company, INC , _c1951. |
||
| 300 | _a515 ; . | ||
| 365 | _a76.00 | ||
| 504 | _a | ||
| 942 | _cBK | ||
| 999 |
_c1925 _d1925 |
||